Jurisprudência civil brasileira : (Record no. 281)

MARC details
000 -LÍDER
Campo Fixo de Controle 00700cam a2200229 a 4500
001 - NÚMERO DE CONTROLE
Campo de Controle 281
003 - IDENTIFICAÇÃO DO NÚMERO DE CONTROLE
Campo de Controle BR-CuiBMT
005 - DATA E HORA DA ÚLTIMA ATUALIZAÇÃO
Campo de Controle 20231025220327.0
008 - DADOS FIXOS
Dados Fixos 230919s2017 mgba 000 0 por d
020 ## - INTERNATIONAL STANDARD BOOK NUMBER
Nº do ISBN 9788545002123
040 ## - AGÊNCIA CATALOGADORA
Código da Agência Catalogadora BR-CuiBMT
Agência que transcreveu o registro BR-CuiBMT
080 ## - Nº DA CLASSIFICAÇÃO DECIMAL UNIVERSAL
Nº edição CDU 2007
Nº Class. CDU 347
Subd. Auxiliar Comum (81)
090 ## - NÚMERO DE CHAMADA
Nº classificação 347(81)
Cutter J95
245 00 - TÍTULO PRINCIPAL
Título principal Jurisprudência civil brasileira :
Subtítulo métodos e problemas /
Indicação de responsabilidade Luiz Edson Fachin ... [et al.].
260 ## - PUBLICAÇÃO, DISTRIBUIÇÃO, ETC.
Local de publicação Belo Horizonte :
Editora Fórum,
Data 2017.
300 ## - DESCRIÇÃO FÍSICA
N. páginas ou volumes 430 p. :
Ilustrações il. ;
Dimensões 22 cm
504 ## - NOTA DE BIBLIOGRAFIA, ETC.
Nota de bibliografia Inclui bibliografia.
650 ## - ASSUNTO TÓPICO
Cabeçalho tópico ou nome geográfico Direito civil
Subdivisão geográfica Brasil
650 ## - ASSUNTO TÓPICO
Cabeçalho tópico ou nome geográfico Direito civil
Subdivisão de forma Jurisprudência
700 1# - ENTRADA SECUNDÁRIA -- NOME PESSOAL
Nome pessoal Fachin, Luiz Edson,
Datas associadas ao nome 1958-
Cód. do termo explicativo et al.
-- coord.
942 ## - ELEMENTOS DE ENTRADA ADICIONAIS (KOHA)
Fonte de classificação ou esquema de arquivamento Classificação Decimal Universal
Tipo de item do Koha Livros
Holdings
Estado: removido Estado: perdido Fonte de classificação ou esquema de arquivamento Estado: danificado Indisponível para empréstimo Localização permanente Localização atual Data de aquisição Total Checkouts Número de Chamada completo Código de barras Date last seen Número do exemplar Preço efetivo a partir de Tipo de item (Koha)
    Classificação Decimal Universal     Biblioteca da Escola Superior de Contas do TCE/MT Biblioteca da Escola Superior de Contas do TCE/MT 28/07/2023   347(81) J95 BIBTCEMT23090063 19/09/2023 Ex. 1 19/09/2023 Livros

Powered by Koha